000 01086nam a2200313 i 4500
003 EG-GICUC
005 20260310131543.0
008 260120s1900 ua |||fr|||| 00| 0 ara d
040 _a EG-GICUC
_bara
_c EG-GICUC
_d EG-GICUC
_erda
041 0 _aAra
082 0 4 _221
_a343.7675062
_bع ل . م
092 0 4 _221
099 _aLaw1 10 343.7675062 ع ل . م [1900]
100 0 _aعلى حلمى بك
_eمؤلف.
245 1 0 _aمصر والنظم التأديبية /
_cتأليف الدكتور على حلمى.
250 _aالطبعة الأولى
264 1 _aمصر :
_bمطبعة مصر ،
_c[1900].
300 _a240 صفحة؛
_c24 سم.
336 _2rda content
_atext
337 _2rda media
_aComputer
338 _2rda carrier
_aOnline Resource
546 _aالنص باللغة العربية
650 1 _aوسائل المعاملة داخل السجون
_2qrmak
650 1 _aالقانون الجنائى
_2qrmak
651 1 _2qrmak
856 4 0 _uhttps://fll.law.cu.edu.eg/fulltext/bks/B10-07863.pdf
905 _a54
_eYara
942 _2ddc
_cBK
_e21
_n0
999 _c58301
_d58301